|
|
|
|
| LEADER |
01255nam a22003132a 4500 |
| 001 |
000272591 |
| 003 |
CZ BrMZK |
| 005 |
20081205112231.0 |
| 007 |
ta |
| 008 |
980105s1983 xr f cze d |
| 035 |
|
|
|a (OCoLC)39601393
|
| 040 |
|
|
|a ABA001
|b cze
|d ABA001
|
| 080 |
9 |
|
|a 808.50-41-1
|
| 100 |
1 |
|
|a Havlová, Ivana
|7 ola2006340223
|4 aut
|
| 245 |
1 |
0 |
|a Jazyková cvičení pro studující učitelství 1. stupně základní školy.
|n [Díl] 1,
|p Hláskosloví, pravopis /
|c Ivana Havlová, Jaroslava Hedvičáková
|
| 246 |
3 |
0 |
|a Hláskosloví, pravopis
|
| 250 |
|
|
|a 2., přeprac. vyd.
|
| 260 |
|
|
|a Praha :
|b Státní pedagogické nakladatelství,
|c 1983
|
| 300 |
|
|
|a 98 s. ;
|c 29 cm
|
| 500 |
|
|
|a Slovníček cizích termínů
|
| 550 |
|
|
|a Vydavatel: Univerzita Karlova
|
| 500 |
|
|
|a 800 výt.
|
| 700 |
1 |
|
|a Hedvičáková, Jaroslava
|7 jx20050511013
|4 aut
|
| 710 |
2 |
|
|a Univerzita Karlova
|7 kn20010710036
|
| 910 |
|
|
|a BOA001
|b 4-0863.242,1
|b PK-N-0021.515,1
|
| 964 |
|
|
|a Čeština - hláskosloví a pravopis - praktika
|
| 990 |
|
|
|a BK
|
| 996 |
7 |
|
|b 2619878216
|c 4-0863.242,1
|l MZK
|r Sklad / do 1 hodiny
|n 1
|w 000272591
|u 000010
|a 1
|e BOA001
|j MZK50
|s A
|
| 996 |
7 |
|
|b 3119989159
|c PK-N-0021.515/1
|l MZK
|r Sklad / do 1 hodiny
|n 0
|w 000272591
|u 000020
|a 1
|e BOA001
|j MZK50
|s A
|